00464nam a2200133 a 450000100100000000500170001000800410002704000250006810000260009324500890011926000490020830000480025770000250030500004430120201002045259.0140613s1964 dr ac 000 0 spa d aDO-SdBNPbspacBNPHU1 aCarrera, Gustavo Luis14aLos tambores de san juan /cGustavo Luis Carrera; totografías Federico Vetencourt. aSanto Domingo :bUniversidad Central,c1964. avarias paginaciones :bil. retrs. ;c21 cm.12aVetencourt, Federico